000 00915cam a22002891 4500
001 1825
003 BD-RjUL
005 20211208233424.0
008 730102s1954 ilu b 000 0 eng
020 _a0226320723
035 _a(BD-RjUL)1852
040 _aDLC
_cDLC
_dDLC
_dBD-RjUL
_beng
041 _aeng
082 0 0 _a330.15
_219
_bHAC 1954
100 1 _aHayek, Friedrich A. von
_q(Friedrich August),
_d1899-1992,
_93508
245 1 0 _aCapitalism and the historians /
_cessays by T. S. Ashton [and others.
260 _aChicago :
_bUniversity of Chicago Press,
_cc1954.
300 _avii, 187 p. ;
_c20 cm.
504 _aBibliographical footnotes.
650 0 _aCapitalism.
_96017
650 0 _aEconomic history
_xHistoriography.
_96047
650 0 _aWorking class
_zGreat Britain.
_96048
650 0 _aFactory system
_zGreat Britain.
_96049
942 _2ddc
_cBK
999 _c1825
_d1825